Họ Gừng (Zingiberaceae) ở Thất Sơn - An Giang: hình thái, giải phẫu, phân loại và công dụng : Luận văn tốt nghiệp cao học. Ngành Sinh Thái Học

Nội dung đề tài là điều tra, khảo sát đặc điểm hình thái giải phẫu, lập khoá phân loại thực vật họ Gừng ở Thất Sơn, An Giang và đặc biệt là công dụng và giá trị kinh tế của thân rễ một số loái, chỉ ra tính khoa học của từng loài....

Disgrifiad llawn

Wedi'i Gadw mewn:
Manylion Llyfryddiaeth
Prif Awdur: Nguuyễn, Thị Kim Huê
Fformat: Llyfr
Iaith:Undetermined
Cyhoeddwyd: Cần Thơ Trường Đại học Cần Thơ 2009
Pynciau:
Tagiau: Ychwanegu Tag
Dim Tagiau, Byddwch y cyntaf i dagio'r cofnod hwn!
Thư viện lưu trữ: Trung tâm Học liệu Trường Đại học Cần Thơ
LEADER 01211nam a2200217Ia 4500
001 CTU_152244
008 210402s9999 xx 000 0 und d
082 |a 633.83 
082 |b H507 
088 |a 60420120 
100 |a Nguuyễn, Thị Kim Huê 
245 0 |a Họ Gừng (Zingiberaceae) ở Thất Sơn - An Giang: hình thái, giải phẫu, phân loại và công dụng : 
245 0 |b Luận văn tốt nghiệp cao học. Ngành Sinh Thái Học 
245 0 |c Nguuyễn Thị Kim Huê; Lê Công Kiệt (cán bộ hướng dẫn) 
260 |a Cần Thơ 
260 |b Trường Đại học Cần Thơ 
260 |c 2009 
520 |a Nội dung đề tài là điều tra, khảo sát đặc điểm hình thái giải phẫu, lập khoá phân loại thực vật họ Gừng ở Thất Sơn, An Giang và đặc biệt là công dụng và giá trị kinh tế của thân rễ một số loái, chỉ ra tính khoa học của từng loài. 
650 |a Ginger,Cây gừng,Spices,Gia vị 
904 |i Năm, T. Dương 
980 |a Trung tâm Học liệu Trường Đại học Cần Thơ